Sully Prudhomme, Rudyard Kipling, Selma Lagerlöf, Thomas Mann, Sinclair Lewis, Rabindranath Tagore, Bertrand Russell (Record no. 198410)

MARC details
000 -LEADER
campo de control de longitud fija 01965nam a2200445 i 4500
001 - NÚMERO DE CONTROL
campo de control 198410
003 - IDENTIFICADOR DE NÚMERO DE CONTROL
campo de control ES-MaACL
005 - FECHA Y HORA DE LA ÚLTIMA TRANSACCIÓN
campo de control 20260601144409.0
007 - CAMPO FIJO DE DESCRIPCIÓN FÍSICA--INFORMACIÓN GENERAL
campo de control de longitud fija ta
008 - DATOS DE LONGITUD FIJA--INFORMACIÓN GENERAL
campo de control de longitud fija 260601s1964 sp a|||| |||| 001 1 spa d
017 ## - NÚMERO DE COPYRIGHT O DE DEPÓSITO LEGAL
Número de copyright o de depósito legal B 12696-1964
Agencia que asigna Oficina Depósito Legal Barcelona
040 ## - FUENTE DE CATALOGACIÓN
Centro catalogador/agencia de origen ES-MaACL
Lengua de catalogación spa
Centro/agencia transcriptor ES-MaACL
Normas de descripción rda
080 ## - NÚMERO DE LA CLASIFICACIÓN DECIMAL UNIVERSAL
Número de la Clasificación Decimal Universal 82"18/19"(082.2)
100 1# - ENTRADA PRINCIPAL--NOMBRE DE PERSONA
Nombre de persona Sully Prudhomme
Relación aut
9 (RLIN) 108764
Término indicativo de función/relación Autor
245 10 - MENCIÓN DEL TÍTULO
Título Sully Prudhomme, Rudyard Kipling, Selma Lagerlöf, Thomas Mann, Sinclair Lewis, Rabindranath Tagore, Bertrand Russell
250 ## - MENCION DE EDICION
Mención de edición Cuarta edición
264 #1 - PRODUCCIÓN, PUBLICACIÓN, DISTRIBUCIÓN, FABRICACIÓN Y COPYRIGHT
Producción, publicación, distribución, fabricación y copyright Barcelona :
Nombre del de productor, editor, distribuidor, fabricante Plaza & Janés,
Fecha de producción, publicación, distribución, fabricación o copyright 1964
300 ## - DESCRIPCIÓN FÍSICA
Extensión XV, 1936 páginas y 8 hojas sin numerar :
Otras características físicas retratos (blanco y negro) ;
Dimensiones 18 cm
336 ## - TIPO DE CONTENIDO
Fuente rdacontent
Término de tipo de contenido Texto
337 ## - TIPO DE MEDIO
Fuente rdamedia
Nombre/término del tipo de medio sin mediación
338 ## - TIPO DE SOPORTE
Fuente rdacarrier
Nombre/término del tipo de soporte volumen
490 0# - MENCIÓN DE SERIE
Mención de serie Los premios Nobel de literatura ;
Designación de volumen o secuencia 1
500 ## - NOTA GENERAL
Nota general Registro provisional
500 ## - NOTA GENERAL
Nota general Índice
505 0# - NOTA DE CONTENIDO CON FORMATO
Nota de contenido con formato Poemas / Sully Prudhomme -- Puck / Rudyard Kipling -- La leyenda de Gösta Berling / Selma Lagerlöf -- Los Buddenbrook / Thomas Mann -- Calle Mayor / Sinclair Lewis -- Gitanjali / Rabindranath Tagore -- Fundamentos de filosofía / Bertrand Russell
546 ## - NOTA DE IDIOMA
Nota de lengua/lenguaje Traducido del francés, inglés, sueco y alemán
650 #4 - PUNTO DE ACCESO ADICIONAL DE MATERIA--TÉRMINO DE MATERIA
Término de materia o nombre geográfico como elemento de entrada Literatura-
Subdivisión cronológica S.XIX
9 (RLIN) 160173
650 #4 - PUNTO DE ACCESO ADICIONAL DE MATERIA--TÉRMINO DE MATERIA
Término de materia o nombre geográfico como elemento de entrada Literatura-
Subdivisión cronológica S.XX
9 (RLIN) 14497
700 1# - ENTRADA AGREGADA--NOMBRE PERSONAL
Nombre de persona Kipling, Rudyard,
Fechas asociadas al nombre 1865-1936
Relación aut
9 (RLIN) 68087
Término indicativo de función/relación Autor
700 1# - ENTRADA AGREGADA--NOMBRE PERSONAL
Nombre de persona Lagerlöf, Selma
Relación aut
9 (RLIN) 69571
Término indicativo de función/relación Autor
700 1# - ENTRADA AGREGADA--NOMBRE PERSONAL
Nombre de persona Mann, Thomas,
Fechas asociadas al nombre 1875-1955
Relación aut
9 (RLIN) 76055
Término indicativo de función/relación Autor
700 1# - ENTRADA AGREGADA--NOMBRE PERSONAL
Nombre de persona Lewis, Sinclair,
Fechas asociadas al nombre 1885-1951
Relación aut
9 (RLIN) 72071
Término indicativo de función/relación Autor
700 1# - ENTRADA AGREGADA--NOMBRE PERSONAL
Nombre de persona Tagore, Rabindranath,
Fechas asociadas al nombre 1861-1941
Relación aut
9 (RLIN) 109071
Término indicativo de función/relación Autor
700 1# - ENTRADA AGREGADA--NOMBRE PERSONAL
Nombre de persona Russell, Bertrand,
Fechas asociadas al nombre 1872-1970
Relación aut
9 (RLIN) 101033
Término indicativo de función/relación Autor
852 ## - LOCALIZACIÓN
Ubicación ES-MaACL
Ubicación en estantería Despachos-biblioteca
Número de control de estantería DB-213
Donativo/Legado Donación: J. Porto
Encuadernación Encuadernación cartoné
itemnumber 207388
942 ## - ELEMENTOS DE ENTRADA SECUNDARIOS (KOHA)
Tipo de ítem Koha Libro impreso
Suprimir en OPAC No
Holdings
Estatus retirado Estado de pérdida Fuente del sistema de clasificación o colocación Estado de daño No para préstamo Biblioteca de origen Biblioteca actual Ubicación en estantería Fecha de adquisición Fuente de adquisición Total de préstamos Signatura topográfica completa Código de barras Visto por última vez Precio de reemplazo Tipo de ítem Koha
    Clasificación decimal universal     Biblioteca del Ateneo de Madrid Biblioteca del Ateneo de Madrid Despachos-biblioteca 01/06/2026 Donación   DB-213 2026-0380 01/06/2026 01/06/2026 Libro impreso